00585nam a2200181Ia 4500003000900000008004100009020001800050040001600068080001200084100002700096245009700123260004000220300001000260650002000270942000700290999001700297952008900314IN-BaIIA211028s9999 xx 000 0 eng d a81-7371-366-9 cIIA Library a51bBAN aBanks, Robert B935740 0aSlicing pizzas, racing turtles and future adventures in applied mathematicscRobert B. Banks aHyderabadbUniversities Pressc2001 a286p. aMathematics982 cBK c18662d18662 00104070aBANbKODcGENd2013-05-04l0o51/ BANp19584r2021-11-05w2013-05-04yBK